[Event "World Rapid Team 2023"]
[Site "Dusseldorf GER"]
[Date "2023.08.26"]
[Round "3.17"]
[Board "1"]
[White "Shamsi, Mohammadhossein"]
[Black "Li, Yunqi"]
[Result "1-0"]
[WhiteTitle "CM"]
[WhiteElo "2217"]
[BlackElo "1659"]
[WhiteTeam "PhileKhoob Chess Club"]
[BlackTeam "Deutsche Schachjugend 2"]
[WhiteFideId "12507326"]
[BlackFideId "34610618"]
[EventDate "2023.08.26"]

1. e4 e6 2. d4 d5 3. e5 c5 4. c3 Nc6 5. Nf3 Bd7 6. Be2 f6 7. O-O fxe5 8. Nxe5
Nxe5 9. dxe5 Qc7 10. c4 d4 11. Re1 Ne7 12. Bd3 g6 13. Bg5 Bg7 14. f4 Nc6 15. Nd2
O-O 16. Ne4 b6 17. h4 h6 18. Bf6 Be8 19. Qg4 Ne7 20. Qxe6+ Rf7 21. Nd6 Qd7 22.
Qxd7 Bxd7 23. Nxf7 Kxf7 24. Bxg7 Kxg7 25. a4 a5 26. h5 g5 27. fxg5 hxg5 28. Rf1
Ng8 29. Bf5 Be8 30. g4 Ne7 31. Kf2 Bxh5 32. Kg3 Nxf5+ 33. gxf5 d3 34. Rad1 Bxd1
35. Rxd1 Re8 36. Rxd3 Rxe5 37. Kg4 Re4+ 38. Kxg5 Rxc4 39. Rd7+ Kf8 40. Kf6 Ke8
41. Rb7 Rxa4 42. Rb8+ Kd7 43. Rxb6 Rb4 44. Ra6 Rxb2 45. Rxa5 Ke8 46. Rxc5 Rb6+
47. Kg7 Ke7 48. Re5+ Kd8 49. f6 Rb1 50. Rd5+ Kc8 51. f7 Rg1+ 52. Kf6 Rf1+ 53.
Rf5 1-0

[Event "World Rapid Team 2023"]
[Site "Dusseldorf GER"]
[Date "2023.08.26"]
[Round "3.17"]
[Board "2"]
[White "Lorenz, Veronika"]
[Black "Juegel, Marcel"]
[Result "0-1"]
[WhiteElo "1668"]
[BlackElo "2164"]
[WhiteTeam "Deutsche Schachjugend 2"]
[BlackTeam "PhileKhoob Chess Club"]
[WhiteFideId "16277406"]
[BlackFideId "24621625"]
[EventDate "2023.08.26"]

1. e4 e6 2. d4 b6 3. Nc3 Bb7 4. Bd3 Nf6 5. Bg5 h6 6. Bd2 Bb4 7. a3 Bxc3 8. Bxc3
Nxe4 9. Qg4 Qg5 10. Qf3 Nc5 11. Nh3 Qxg2 12. Qxg2 Bxg2 13. dxc5 Bxh1 14. cxb6
axb6 15. O-O-O Bf3 16. Rg1 Ra4 17. Bxg7 Rg8 18. Bh7 Rxg7 19. Rxg7 Nc6 20. Ng1
Bh5 21. Bd3 Rh4 22. h3 Ne5 23. Rg3 Rf4 24. Be2 Bxe2 25. Nxe2 Rxf2 26. Nc3 Ke7
27. Ne4 Re2 28. Nc3 Rh2 29. Nb5 c6 30. Nd4 Nc4 31. c3 Nxb2 32. Nf3 Rf2 33. Nd2
Na4 34. Ne4 Re2 35. Nd2 Rh2 36. Nf3 Ra2 37. Nd4 Rxa3 38. Kd2 c5 39. Nc2 Rb3 40.
Na1 Rb1 41. Nc2 d5 42. Rg4 Nb2 43. Na3 Rh1 44. Kc2 Rh2+ 45. Kb3 Nd3 46. Rh4 Rb2+
47. Ka4 c4 48. Rxh6 Nc5# 0-1

[Event "World Rapid Team 2023"]
[Site "Dusseldorf GER"]
[Date "2023.08.26"]
[Round "3.17"]
[Board "3"]
[White "Kuckling, Hannah"]
[Black "Mueller, Konstantin"]
[Result "1-0"]
[WhiteTitle "WFM"]
[WhiteElo "2057"]
[BlackElo "1696"]
[WhiteTeam "PhileKhoob Chess Club"]
[BlackTeam "Deutsche Schachjugend 2"]
[WhiteFideId "24603660"]
[BlackFideId "34661778"]
[EventDate "2023.08.26"]

1. e4 c5 2. Nc3 Nc6 3. Bb5 Nf6 4. Bxc6 bxc6 5. d3 d5 6. f4 dxe4 7. dxe4 Qxd1+ 8.
Kxd1 Bg4+ 9. Ke1 g6 10. Be3 Rb8 11. Rb1 Bg7 12. h3 Bc8 13. Nf3 Ba6 14. Kf2 Nd7
15. Na4 Rb4 16. Nxc5 Nxc5 17. Bxc5 Rxe4 18. Rhe1 Rxe1 19. Rxe1 e6 20. Ne5 Bxe5
21. Rxe5 Kd7 22. Bxa7 Ra8 23. Bc5 Rb8 24. b3 Kc7 25. Re4 Rd8 26. Ke1 Rd5 27. Be3
Bc8 28. Ra4 Bb7 29. Rb4 h5 30. a4 Ba6 31. a5 c5 32. Rb6 Bb7 33. c4 Rd3 34. Ke2
Rd8 35. Bxc5 Bxg2 36. b4 Be4 37. Ke3 Bd3 38. Bd6+ Rxd6 39. Rxd6 Bxc4 40. Rd4 Bb5
41. h4 Bc6 42. Rc4 Kb7 43. Rc5 Bd5 44. Kd4 f6 45. b5 Kb8 46. Rxd5 exd5 47. Kxd5
Kb7 48. Ke4 Kc7 49. a6 Kb6 50. f5 g5 51. hxg5 fxg5 52. Kf3 Kc7 53. a7 Kb7 54. b6
Ka8 55. f6 Kb7 56. f7 g4+ 57. Kg3 h4+ 58. Kxh4 g3 59. Kxg3 Kxb6 60. a8=Q Kc5 61.
Qd8 Kc4 62. Kf3 Kb3 63. Qc7 Kb4 64. Ke4 Ka3 65. Qb6 Ka2 66. Kd3 Ka1 67. Ke4 1-0

[Event "World Rapid Team 2023"]
[Site "Dusseldorf GER"]
[Date "2023.08.26"]
[Round "3.17"]
[Board "4"]
[White "Czaeczine, Paula"]
[Black "Bahmani, Koorosh"]
[Result "0-1"]
[WhiteElo "1588"]
[BlackElo "1873"]
[WhiteTeam "Deutsche Schachjugend 2"]
[BlackTeam "PhileKhoob Chess Club"]
[WhiteFideId "16249305"]
[BlackFideId "42576750"]
[EventDate "2023.08.26"]

1. e4 c6 2. d4 d5 3. exd5 cxd5 4. c4 Nf6 5. Nc3 e6 6. Bg5 Bb4 7. a3 Bxc3+ 8.
bxc3 Qa5 9. Qc2 Ne4 10. Bd2 Nxd2 11. Qxd2 O-O 12. Nf3 Nc6 13. Be2 b6 14. O-O
dxc4 15. Bxc4 Ba6 16. Bxa6 Qxa6 17. Rfd1 Rfd8 18. Qe3 Rac8 19. Ne1 Ne7 20. Qd3
Qxd3 21. Rxd3 Rc4 22. Rc1 Rdc8 23. Nf3 Nd5 24. Ne5 Rxc3 25. Rdxc3 Rxc3 26. Rxc3
Nxc3 27. Nc6 a5 28. Kf1 Nb5 29. Ke2 Nxa3 30. Kd3 a4 31. Kc3 Nb5+ 32. Kb4 a3 33.
Kb3 Kf8 34. Ne5 Ke7 35. Nc4 Kd7 36. Ne5+ Ke7 37. Nc4 f6 38. Nxb6 Kd6 39. f3 Kc6
40. Nc8 Kd5 41. Ne7+ Kxd4 42. Nc6+ Ke3 43. Nd8 e5 44. Nc6 Nd4+ 45. Nxd4 exd4 0-1

[Event "World Rapid Team 2023"]
[Site "Dusseldorf GER"]
[Date "2023.08.26"]
[Round "3.17"]
[Board "5"]
[White "Shahsanam, Alireza"]
[Black "Bohatyrova, Mariia"]
[Result "1-0"]
[WhiteElo "1782"]
[BlackElo "1398"]
[WhiteTeam "PhileKhoob Chess Club"]
[BlackTeam "Deutsche Schachjugend 2"]
[WhiteFideId "12517887"]
[BlackFideId "34165789"]
[EventDate "2023.08.26"]

1. e4 e5 2. Nc3 Nf6 3. f4 d6 4. Nf3 Nc6 5. Bb5 Bg4 6. h3 Bxf3 7. Qxf3 a6 8. Ba4
b5 9. Nxb5 axb5 10. Bxb5 Qd7 11. Qc3 Nxe4 12. Qxc6 Qxc6 13. Bxc6+ Ke7 14. Bxa8
Nf6 15. d3 Kd7 16. Bf3 Be7 17. O-O Rg8 18. c3 exf4 19. Bxf4 g5 20. Be3 c5 21. a4
h5 22. g4 hxg4 23. Bxg4+ Kc7 24. b4 cxb4 25. cxb4 Nd5 26. Rxf7 Kd8 27. Bd2 Nf6
28. Rf1 Nxg4 29. hxg4 Ke8 30. b5 d5 31. Be3 Bd6 32. a5 Rh8 33. a6 1-0

[Event "World Rapid Team 2023"]
[Site "Dusseldorf GER"]
[Date "2023.08.26"]
[Round "3.18"]
[Board "1"]
[White "Kraus, Sebastian"]
[Black "Helbig, Mark"]
[Result "0-1"]
[BlackTitle "FM"]
[WhiteElo "1904"]
[BlackElo "2307"]
[WhiteTeam "Unischach Bayreuth"]
[BlackTeam "Neustadt Weinstrasse"]
[WhiteFideId "24690260"]
[BlackFideId "4675622"]
[EventDate "2023.08.26"]

1. e4 c6 2. Nc3 d5 3. Nf3 dxe4 4. Nxe4 Bf5 5. Ng3 Bg4 6. h3 Bxf3 7. Qxf3 Nd7 8.
d4 Ngf6 9. Be2 e6 10. O-O Bd6 11. Be3 Qc7 12. c4 O-O 13. Rfd1 c5 14. Ne4 Nxe4
15. Qxe4 Nf6 16. Qh4 cxd4 17. Bxd4 Be5 18. Rac1 Rfd8 19. Bf3 h6 20. b3 Rxd4 21.
Rxd4 g5 22. Rg4 Bf4 23. Rd1 Kh7 24. Rxf4 gxh4 25. Rxf6 Kg7 26. Bxb7 Qxb7 27. Rf4
Qc7 28. Rg4+ Kh7 29. Rgd4 Rg8 30. Rd7 Qf4 31. R1d3 Rg7 32. Rxa7 Qe4 0-1

[Event "World Rapid Team 2023"]
[Site "Dusseldorf GER"]
[Date "2023.08.26"]
[Round "3.18"]
[Board "2"]
[White "Schulz-Knappe, Florian"]
[Black "Braun, Kristin"]
[Result "1-0"]
[WhiteElo "2137"]
[BlackElo "1906"]
[WhiteTeam "Neustadt Weinstrasse"]
[BlackTeam "Unischach Bayreuth"]
[WhiteFideId "4627580"]
[BlackFideId "24656534"]
[EventDate "2023.08.26"]

1. Nc3 g6 2. e4 c5 3. f4 Bg7 4. Nf3 Nc6 5. Bc4 e6 6. O-O Nge7 7. d3 O-O 8. a3
Nd4 9. Kh1 a6 10. Nxd4 cxd4 11. Ne2 d5 12. Bb3 dxe4 13. dxe4 Nc6 14. e5 b5 15.
Rf3 f6 16. exf6 Qxf6 17. Ng3 Kh8 18. Qe2 Bb7 19. Ne4 Qe7 20. Bd2 e5 21. Re1 Rfe8
22. f5 gxf5 23. Rxf5 Bc8 24. Bg5 Bxf5 25. Bxe7 Nxe7 26. Nd6 Bg6 27. Nxe8 Rxe8
28. Rf1 Nf5 29. a4 Ne3 30. Rf2 Be4 31. axb5 axb5 32. Qxb5 Ra8 33. h3 Ra1+ 34.
Kh2 h6 35. Qe8+ Kh7 36. Bg8+ Kh8 37. Bf7+ Kh7 38. Qg8# 1-0

[Event "World Rapid Team 2023"]
[Site "Dusseldorf GER"]
[Date "2023.08.26"]
[Round "3.18"]
[Board "3"]
[White "Strahl, Christian"]
[Black "Teuffer, Michael"]
[Result "0-1"]
[WhiteElo "1857"]
[BlackElo "2189"]
[WhiteTeam "Unischach Bayreuth"]
[BlackTeam "Neustadt Weinstrasse"]
[WhiteFideId "12955019"]
[BlackFideId "24680427"]
[EventDate "2023.08.26"]

1. e4 c5 2. Nf3 d6 3. Bb5+ Nd7 4. c4 Nf6 5. Nc3 g6 6. d4 cxd4 7. Nxd4 Bg7 8. O-O
O-O 9. h3 a6 10. Bxd7 Bxd7 11. Qd3 Rc8 12. b3 Bc6 13. Bb2 Nd7 14. Rae1 Re8 15.
Kh1 Nc5 16. Qd2 Bd7 17. f4 e5 18. fxe5 dxe5 19. Nf3 Bc6 20. Nd5 h6 21. Qe3 Nd7
22. Rd1 Bxd5 23. Rxd5 Qc7 24. Re1 Nf6 25. Rxe5 Nh5 26. Rxe8+ Rxe8 27. e5 Ng3+
28. Kh2 Nf5 29. Qe4 Qe7 30. Rd1 Qc5 31. Qxb7 Qf2 32. Rd2 Qg3+ 33. Kg1 Nh4 34.
Re2 Rd8 35. Qe4 Nxf3+ 36. Qxf3 Rd1+ 37. Qf1 Rxf1+ 38. Kxf1 Qd3 39. Kf2 h5 40.
Ba3 h4 41. Bd6 Qg3+ 42. Kf1 Qf4+ 43. Ke1 Qc1+ 44. Kf2 Bh6 45. c5 Bf4 46. Kf3 g5
47. Ke4 Qd1 48. Kf3 Qd3+ 49. Kf2 Bg3+ 0-1

[Event "World Rapid Team 2023"]
[Site "Dusseldorf GER"]
[Date "2023.08.26"]
[Round "3.18"]
[Board "4"]
[White "Allmacher, Marco"]
[Black "Glock, Benjamin"]
[Result "0-1"]
[WhiteElo "1524"]
[BlackElo "1782"]
[WhiteTeam "Neustadt Weinstrasse"]
[BlackTeam "Unischach Bayreuth"]
[WhiteFideId "16273311"]
[BlackFideId "12942103"]
[EventDate "2023.08.26"]

1. e4 c6 2. d4 d5 3. Bd3 dxe4 4. Bxe4 Nf6 5. Bf3 Bf5 6. Bf4 e6 7. Ne2 Qb6 8. b3
Nbd7 9. O-O Be7 10. c4 O-O 11. Nbc3 Rfd8 12. Qc1 c5 13. dxc5 Nxc5 14. Be3 Qa5
15. Nd4 Bg4 16. Qb2 Bxf3 17. Nxf3 Nd3 18. Qc2 Nb4 19. Qe2 Ng4 20. Bd2 Qh5 21.
Ne4 Nxh2 22. Ng3 Nxf3+ 23. gxf3 Qg6 24. Kg2 Nc2 25. Rad1 Nd4 26. Qe4 Nf5 27. Rh1
Rd4 28. Qxb7 Rad8 29. Kf1 Nxg3+ 30. fxg3 Rxd2 31. Rxd2 Rxd2 32. Kg1 0-1

[Event "World Rapid Team 2023"]
[Site "Dusseldorf GER"]
[Date "2023.08.26"]
[Round "4.1"]
[Board "1"]
[White "Anand, Viswanathan"]
[Black "Harikrishna, Pentala"]
[Result "1/2-1/2"]
[WhiteTitle "GM"]
[BlackTitle "GM"]
[WhiteElo "2754"]
[BlackElo "2711"]
[WhiteTeam "Freedom"]
[BlackTeam "Team MGD1"]
[WhiteFideId "5000017"]
[BlackFideId "5007003"]
[EventDate "2023.08.26"]

1. e4 e5 2. Nf3 Nc6 3. Bb5 Nf6 4. d3 Bc5 5. Bxc6 dxc6 6. O-O Bd6 7. Nbd2 O-O 8.
Nc4 Nd7 9. d4 exd4 10. Nxd6 cxd6 11. Qxd4 Re8 12. Qxd6 Rxe4 13. Rd1 Qe7 14. Be3
Qxd6 15. Rxd6 Re8 16. a4 Nb6 17. b3 Nd5 18. Bd2 Bg4 19. Nd4 Ne7 20. Re1 Nf5 21.
Nxf5 Bxf5 22. Rc1 Rad8 23. Rxd8 Rxd8 24. Be1 h5 25. a5 b5 26. axb6 axb6 27. b4
Ra8 28. Bd2 Ra2 29. Be3 b5 30. c4 Rc2 1/2-1/2

[Event "World Rapid Team 2023"]
[Site "Dusseldorf GER"]
[Date "2023.08.26"]
[Round "4.1"]
[Board "4"]
[White "Sadhwani, Raunak"]
[Black "Rapport, Richard"]
[Result "1-0"]
[WhiteTitle "GM"]
[BlackTitle "GM"]
[WhiteElo "2624"]
[BlackElo "2752"]
[WhiteTeam "Team MGD1"]
[BlackTeam "Freedom"]
[WhiteFideId "35093487"]
[BlackFideId "738590"]
[EventDate "2023.08.26"]

1. d4 Nf6 2. c4 e6 3. Nc3 Bb4 4. Nf3 d6 5. Qc2 O-O 6. g3 b6 7. Bg2 Bb7 8. O-O
Nbd7 9. a3 Bxc3 10. Qxc3 a5 11. b3 Re8 12. Bb2 Qb8 13. Rfd1 Be4 14. Bh3 b5 15.
Nd2 b4 16. Qc1 Bb7 17. Qc2 c5 18. dxc5 dxc5 19. Nf3 Qc7 20. a4 Rad8 21. Qc1 Ne4
22. Ne1 h6 23. f3 Ng5 24. Bg2 e5 25. Qc2 Ne6 26. e3 Nf6 27. Rxd8 Rxd8 28. Rd1
Rxd1 29. Qxd1 Ne8 30. h4 f6 31. Bh3 Qe7 32. Kf2 N8c7 33. Bf5 Kf7 34. Qc2 Qd6 35.
Ng2 Nf8 36. h5 Nce6 37. Nh4 Ng5 38. f4 Qc6 39. fxg5 hxg5 40. Ng6 Qg2+ 41. Ke1
Qg1+ 42. Kd2 Qf2+ 43. Kc1 Qf1+ 44. Qd1 Qxf5 45. Nxf8 Kxf8 46. Qd8+ Kf7 47. Qc7+
Kg8 48. Qxb7 Qf1+ 49. Kc2 Qe2+ 50. Kb1 Qxe3 51. Ka2 Kh7 52. g4 Qh3 53. Qe4+ Kh8
54. Qa8+ Kh7 55. Qe4+ Kh8 56. Qa8+ Kh7 57. Qxa5 Qxg4 58. Qxc5 Qf3 59. Qd5 g4 60.
a5 e4 61. a6 e3 62. a7 Qxd5 63. cxd5 e2 64. a8=Q e1=Q 65. Qc8 g3 66. d6 Qd2 67.
d7 g2 68. d8=Q Qxd8 69. Qxd8 g1=Q 70. Qd3+ Kh8 71. Qg6 Qa7+ 72. Kb1 Qa6 73. Qe8+
Kh7 74. Qg6+ Kh8 75. h6 Qf1+ 76. Bc1 gxh6 77. Qxh6+ Kg8 78. Qg6+ Kf8 79. Qe4 Qb5
80. Bd2 1-0

[Event "World Rapid Team 2023"]
[Site "Dusseldorf GER"]
[Date "2023.08.26"]
[Round "4.1"]
[Board "5"]
[White "Shuvalova, Polina"]
[Black "Dronavalli, Harika"]
[Result "1/2-1/2"]
[WhiteTitle "IM"]
[BlackTitle "GM"]
[WhiteElo "2496"]
[BlackElo "2500"]
[WhiteTeam "Freedom"]
[BlackTeam "Team MGD1"]
[WhiteFideId "24171760"]
[BlackFideId "5015197"]
[EventDate "2023.08.26"]

1. e4 e5 2. Nc3 Nf6 3. Bc4 Nc6 4. d3 Na5 5. Qf3 Bc5 6. Nge2 d6 7. h3 Nxc4 8.
dxc4 Be6 9. b3 a6 10. a4 h6 11. Be3 Nd7 12. O-O Qf6 13. Qxf6 Nxf6 14. Bxc5 dxc5
15. a5 O-O-O 16. Rfd1 Rxd1+ 17. Rxd1 Rd8 18. Rxd8+ Kxd8 19. Nc1 b6 20. Nd3 Nd7
21. f3 Ke7 22. h4 Kd6 23. g4 f6 24. Kf2 Nb8 25. Na4 Kc6 26. h5 Nd7 27. Nc3 b5
28. Nd5 bxc4 29. bxc4 Kd6 30. c3 Nb8 31. Nc1 Bd7 32. Ke2 Be8 33. Ne3 Bd7 34. Nb3
Be6 35. Kd3 Nc6 36. Nd1 Nd8 37. Ne3 Nb7 38. Nd1 Bd7 39. Ne3 Be6 40. Nd1 Bd7 41.
Ne3 1/2-1/2

[Event "World Rapid Team 2023"]
[Site "Dusseldorf GER"]
[Date "2023.08.26"]
[Round "4.2"]
[Board "1"]
[White "Aravindh, Chithambaram VR."]
[Black "Vachier-Lagrave, Maxime"]
[Result "1-0"]
[WhiteTitle "GM"]
[BlackTitle "GM"]
[WhiteElo "2645"]
[BlackElo "2739"]
[WhiteTeam "Six-pack"]
[BlackTeam "ASV AlphaEchecs Linz"]
[WhiteFideId "5072786"]
[BlackFideId "623539"]
[EventDate "2023.08.26"]

1. Nf3 d5 2. g3 g6 3. Bg2 Bg7 4. d4 Nf6 5. O-O O-O 6. c4 c6 7. Qb3 a5 8. Rd1 a4
9. Qb4 Re8 10. Na3 Qd6 11. Qe1 Qd8 12. Qb4 Qd6 13. Qe1 Qd8 14. Ne5 Bf5 15. Qb4
Qc8 16. Bf4 h6 17. h4 Bh3 18. Bf3 Be6 19. Rac1 Nbd7 20. Qd2 Kh7 21. Qd3 Bf5 22.
Qe3 Be6 23. Nxg6 Kxg6 24. Qd3+ Bf5 25. h5+ Nxh5 26. Bxh5+ Kf6 27. Qe3 e5 28.
Bxh6 Bxh6 29. Qxh6+ Bg6 30. Bxg6 fxg6 31. cxd5 Rh8 32. dxe5+ Nxe5 33. Qf4+ Qf5
34. dxc6 Qxf4 35. gxf4 Nxc6 36. Rd7 Rad8 37. Rxb7 Nd4 38. Rb6+ Kf5 39. Rc5+ Ke4
40. Rb4 Rb8 41. Nb5 1-0

[Event "World Rapid Team 2023"]
[Site "Dusseldorf GER"]
[Date "2023.08.26"]
[Round "4.2"]
[Board "2"]
[White "Grischuk, Alexander"]
[Black "Mohammad, Nubairshah Shaikh"]
[Result "1-0"]
[WhiteTitle "GM"]
[BlackTitle "IM"]
[WhiteElo "2736"]
[BlackElo "2430"]
[WhiteTeam "ASV AlphaEchecs Linz"]
[BlackTeam "Six-pack"]
[WhiteFideId "4126025"]
[BlackFideId "5053196"]
[EventDate "2023.08.26"]

1. d4 Nf6 2. Nf3 g6 3. e3 Bg7 4. Be2 O-O 5. O-O c5 6. Nc3 cxd4 7. exd4 d5 8. Ne5
Be6 9. Bf4 Nfd7 10. Bf3 Nc6 11. Nxc6 bxc6 12. Na4 c5 13. dxc5 Qa5 14. c4 Nxc5
15. cxd5 Rad8 16. Bd2 Qxa4 17. dxe6 fxe6 18. Qxa4 Nxa4 19. Bb4 Bxb2 20. Rae1 Bc3
21. Bxc3 Nxc3 22. Rxe6 Rd2 23. a3 Ra2 24. Rxe7 Rxa3 25. h4 Rf7 26. Re8+ Kg7 27.
Rfe1 Ra4 28. Rc8 Ra3 29. h5 Nb5 30. hxg6 hxg6 31. Bd5 Rf5 32. Re7+ Kh6 33. Be4
Ra1+ 34. Kh2 Rxf2 35. Rc6 Kg5 36. Rxg6+ Kf4 37. Rf6+ Ke3 38. Bh7+ Kd4 39. Rxf2
a5 40. Rf4+ Kc3 41. Rf3+ Kd4 42. Re4+ Kc5 43. Re5+ 1-0

[Event "World Rapid Team 2023"]
[Site "Dusseldorf GER"]
[Date "2023.08.26"]
[Round "4.2"]
[Board "3"]
[White "Karthik, Venkataraman"]
[Black "Maghsoodloo, Parham"]
[Result "0-1"]
[WhiteTitle "GM"]
[BlackTitle "GM"]
[WhiteElo "2562"]
[BlackElo "2702"]
[WhiteTeam "Six-pack"]
[BlackTeam "ASV AlphaEchecs Linz"]
[WhiteFideId "25006479"]
[BlackFideId "12539929"]
[EventDate "2023.08.26"]

1. Nf3 d5 2. d4 Nf6 3. c4 e6 4. g3 Bb4+ 5. Bd2 Be7 6. Bg2 O-O 7. O-O c6 8. Qc2
h6 9. Rd1 Nbd7 10. Bf4 a5 11. Nbd2 Nh5 12. Be3 Nhf6 13. h3 b6 14. Bf4 Nh5 15.
Be5 Bb7 16. cxd5 exd5 17. e4 Rc8 18. exd5 cxd5 19. Qf5 g6 20. Qd3 Re8 21. Nf1
Nf8 22. g4 Nf6 23. Bf4 h5 24. Ne5 hxg4 25. hxg4 Ne4 26. Qf3 f6 27. Nd3 Ne6 28.
Be3 Bd6 29. Rac1 N4g5 30. Qe2 Nxd4 0-1

[Event "World Rapid Team 2023"]
[Site "Dusseldorf GER"]
[Date "2023.08.26"]
[Round "4.2"]
[Board "4"]
[White "Bacrot, Etienne"]
[Black "Pranesh, M"]
[Result "0-1"]
[WhiteTitle "GM"]
[BlackTitle "GM"]
[WhiteElo "2662"]
[BlackElo "2503"]
[WhiteTeam "ASV AlphaEchecs Linz"]
[BlackTeam "Six-pack"]
[WhiteFideId "605506"]
[BlackFideId "35028600"]
[EventDate "2023.08.26"]

1. c4 e6 2. Nf3 Nf6 3. d4 d5 4. cxd5 exd5 5. Bf4 Bd6 6. Bg3 Ne4 7. Nc3 Nxg3 8.
hxg3 c6 9. e3 h6 10. Bd3 Be6 11. Ne2 g5 12. Qb3 Qe7 13. O-O-O Kf8 14. Kb1 Kg7
15. Ne5 c5 16. Qc2 Bxe5 17. dxe5 Nc6 18. f4 c4 19. Bxc4 Nb4 20. Qc3 Rac8 21. Rd4
Rxc4 22. Rxc4 dxc4 23. e4 Bg4 24. Nd4 Nc6 25. Nb5 Qb4 26. Qxb4 Nxb4 27. Nd6 Nd3
28. Nxc4 gxf4 29. gxf4 Nxf4 30. Rh4 Be6 31. Nd6 Ng6 32. Rh5 b6 33. Nb5 a5 34.
Nc3 Rc8 35. Nd5 Rc5 36. Nxb6 Rxe5 37. Rxe5 Nxe5 38. b3 Kf6 39. Kc2 Kg5 0-1

[Event "World Rapid Team 2023"]
[Site "Dusseldorf GER"]
[Date "2023.08.26"]
[Round "4.2"]
[Board "5"]
[White "Priyanka, Nutakki"]
[Black "Lagno, Kateryna"]
[Result "0-1"]
[WhiteTitle "WGM"]
[BlackTitle "GM"]
[WhiteElo "2283"]
[BlackElo "2552"]
[WhiteTeam "Six-pack"]
[BlackTeam "ASV AlphaEchecs Linz"]
[WhiteFideId "25049615"]
[BlackFideId "14109336"]
[EventDate "2023.08.26"]

1. d4 Nf6 2. c4 e6 3. Nf3 d5 4. Nc3 dxc4 5. e4 Bb4 6. Bxc4 Nxe4 7. O-O Nf6 8.
Qa4+ Nc6 9. Ne5 Rb8 10. Nxc6 bxc6 11. Qxc6+ Qd7 12. Qxd7+ Bxd7 13. Bf4 Bd6 14.
Bxd6 cxd6 15. b3 d5 16. Be2 Ke7 17. Rac1 Rhc8 18. Nb1 Kd6 19. f3 Rxc1 20. Rxc1
Rb4 21. Rd1 a5 22. Nc3 a4 23. bxa4 Bxa4 24. Rd2 Bc6 25. Kf2 Nd7 26. Nd1 Ra4 27.
Nc3 Ra3 28. Rc2 Nb6 29. Nb5+ Bxb5 30. Bxb5 Nc4 31. Bxc4 dxc4 32. Rxc4 Rxa2+ 33.
Kg3 h5 34. h4 g6 35. Rb4 Ke7 36. Rb7+ Kf6 37. Kh3 Rd2 38. Rd7 Kg7 39. Rd8 e5 40.
d5 Kf6 41. Rd7 Rd3 42. Kh2 Rd1 43. Kg3 Rd4 44. Kh3 e4 45. fxe4 Rxe4 46. Kg3 Rg4+
47. Kh3 Rf4 48. Kg3 Rf5 49. Kh3 Ke5 50. Kg3 Ke4 51. Kh3 Kf4 52. Re7 f6 53. d6
Rd5 54. d7 Rd3+ 55. Kh2 Kf5 56. Rh7 Kg4 57. Rh6 g5 58. Rxf6 Kxh4 59. Rf7 Kg4 60.
Rh7 Rd1 61. Re7 h4 62. Rg7 Kf5 63. Rf7+ Kg6 64. Re7 g4 65. Re4 Kf5 66. Re1 Rxe1 0-1

[Event "World Rapid Team 2023"]
[Site "Dusseldorf GER"]
[Date "2023.08.26"]
[Round "4.2"]
[Board "6"]
[White "Llari, Marc"]
[Black "Dinesh, Rajan M"]
[Result "1-0"]
[WhiteTitle "CM"]
[WhiteElo "2092"]
[BlackElo "1904"]
[WhiteTeam "ASV AlphaEchecs Linz"]
[BlackTeam "Six-pack"]
[WhiteFideId "651044269"]
[BlackFideId "35060600"]
[EventDate "2023.08.26"]

1. e4 c5 2. Nf3 e6 3. d4 cxd4 4. Nxd4 Nf6 5. Nc3 Nc6 6. Be2 Bb4 7. O-O Bxc3 8.
bxc3 Nxe4 9. Bd3 Nf6 10. Nb5 O-O 11. Ba3 d6 12. Bxd6 Re8 13. Nc7 Nd5 14. Nxe8
Qxe8 15. c4 Nf6 16. Qd2 b6 17. Rfe1 Bb7 18. Be5 Nxe5 19. Rxe5 Rd8 20. Rae1 Qc6
21. Qg5 Rd4 22. f3 Rg4 23. Qe3 Qxf3 24. Qxf3 Bxf3 25. g3 Bc6 26. Rd1 Kf8 27. Be2
Re4 28. Rxe4 Bxe4 29. c3 Ke7 30. Kf2 Bc2 31. Rc1 Ba4 32. Ke3 Nd7 33. Bd1 Bc6 34.
a4 Kd6 35. a5 bxa5 36. Ra1 Nb6 37. c5+ Kxc5 38. Rxa5+ Kd6 39. Rxa7 Bd7 40. Be2
f6 41. c4 g5 42. Kd4 e5+ 43. Kc3 Na4+ 44. Kb4 Nc5 45. Ra5 Ne4 46. c5+ Kd5 47.
Bf3 f5 48. c6+ Kxc6 49. Bxe4+ fxe4 50. Rxe5 Kd6 51. Rxe4 Bf5 52. Re3 Kd5 53. Kc3
Be4 54. Kd2 Ke5 55. Ra3 Kf5 56. Ke3 Bc6 57. Ra6 Be8 58. h3 h5 59. Ra5+ Kf6 60.
Kd4 Bd7 61. Ra6+ Kf7 62. Rh6 Kg7 63. Rxh5 Kg6 64. g4 Bc6 65. Ke5 Bg2 66. Ke6 Bf1
67. Ke7 Bg2 68. Kf8 Bf1 69. Ke7 Bg2 70. Ke6 Bf1 71. Ke5 Bg2 72. Rh8 Kg7 73. Rb8
Bxh3 74. Kf5 Bg2 75. Kxg5 Bf3 76. Rc8 Be2 77. Rc7+ Kf8 78. Kf5 Bd3+ 79. Kf6 Kg8
80. g5 Kh8 81. g6 Bc4 82. Rxc4 Kg8 83. Rc8# 1-0

[Event "World Rapid Team 2023"]
[Site "Dusseldorf GER"]
[Date "2023.08.26"]
[Round "4.3"]
[Board "1"]
[White "Lubbe, Nikolas"]
[Black "Sargissian, Gabriel"]
[Result "0-1"]
[WhiteTitle "IM"]
[BlackTitle "GM"]
[WhiteElo "2501"]
[BlackElo "2692"]
[WhiteTeam "Team Chessemy.com"]
[BlackTeam "Armenia"]
[WhiteFideId "4694031"]
[BlackFideId "13300881"]
[EventDate "2023.08.26"]

1. d4 d5 2. Nf3 Nf6 3. c4 e6 4. e3 Be7 5. b3 O-O 6. Bd3 c5 7. Nbd2 cxd4 8. exd4
Nc6 9. Bb2 b6 10. Rc1 Bb7 11. O-O Rc8 12. Qe2 Re8 13. Rfd1 Bf8 14. Nf1 g6 15.
Ne3 Bg7 16. c5 Nd7 17. Bb5 a6 18. Bxc6 Bxc6 19. cxb6 Qxb6 20. Ng4 h5 21. Nge5
Bb5 22. Qd2 Nxe5 23. Nxe5 Red8 24. Ba3 Qb7 25. Bc5 Be8 26. Re1 f6 27. Nd3 Bf7
28. Qb4 Qxb4 29. Nxb4 a5 30. Nd3 Rc6 31. b4 axb4 32. Nxb4 Rc7 33. a4 Ra8 34. Ra1
Bf8 35. Bxf8 Kxf8 36. a5 Rc4 37. Reb1 Rxd4 38. a6 Rc4 39. a7 Kg7 40. Ra6 Rc7 41.
Rba1 d4 42. Kf1 e5 43. Ke1 Rb7 44. Nc6 Bd5 45. Nb8 Bxg2 46. Kd2 Rc7 47. R1a3 g5
48. f3 g4 49. fxg4 hxg4 50. R6a5 Be4 51. Ke1 Kg6 52. Kf2 Kg5 53. Ra6 f5 54. R6a5
Kf4 55. Ke1 d3 56. Ra2 Ke3 57. Ra1 d2+ 0-1